Länder mit den wenigsten Touristen in Europa - Statistiken

Allgemein
  • Dieses Quiz wurde 550 mal gespielt
  • Das Durchschnittsergebnis liegt bei 13 aus 15
Antwortstatistiken
Platz Land Anzahl % Korrekt
2. Liechtenstein 0,09 Mio.
95%
1. San Marino 0,08 Mio.
94%
9. Lettland 1,95 Mio.
91%
15. Litauen 2,83 Mio.
91%
6. Luxemburg 1,02 Mio.
90%
3. Moldawien 0,16 Mio.
89%
5. Nordmazedonien 0,71 Mio.
87%
11. Weißrussland 2,14 Mio.
86%
8. Serbien 1,71 Mio.
84%
10. Montenegro 2,08 Mio.
83%
14. Rumänien 2,8 Mio.
82%
7. Bosnien und Herzegowina 1,05 Mio.
81%
13. Malta 2,6 Mio.
81%
12. Island 2,34 Mio.
80%
4. Monaco 0,35 Mio.
80%
Keine übereinstimmenden Quizze gefunden
Verteilung der Resultate
Anzahl Personen mit jedem Resultat
Perzentil nach korrekt beantworteten Fragen
Ihre Resultats-Entwicklung
Sie haben dieses Quiz noch nicht gespielt